[Event "POL-chT 2nd League"]
[Site "Sypniewo"]
[Date "2021.09.11"]
[Round "8.17"]
[White "Suchanek, Paulina"]
[Black "Szmacinska, Grazyna"]
[Result "0-1"]
[WhiteElo "1547"]
[BlackElo "2056"]
[PlyCount "130"]
[EventDate "2021.09.04"]
[EventType "team-swiss"]
[EventRounds "9"]
[EventCountry "POL"]
[SourceTitle "CBM 204 Extra"]
[Source "ChessBase"]
[SourceDate "2021.11.30"]
[SourceVersion "1"]
[SourceVersionDate "2021.11.30"]
[SourceQuality "1"]
[WhiteTeam "Raciborz Silesia"]
[BlackTeam "Lodz Okucia Budowlane"]
[WhiteTeamCountry "POL"]
[BlackTeamCountry "POL"]

1. d4 d5 2. c4 e6 3. Nc3 Nf6 4. Nf3 c6 5. Bg5 Be7 6. e3 0-0 7. Qc2 h6 8. Bh4 Nbd7 9. Rd1 Re8 10. cxd5 exd5 11. Bd3 Nf8 12. Bf5 Bxf5 13. Qxf5 Ng6 14. Bxf6 Bxf6 15. 0-0 Qc8 16. Qxc8 Raxc8 17. Na4 Be7 18. Rc1 f6 19. Rc2 Nf8 20. Rfc1 Nd7 21. Nd2 f5 22. g3 Rc7 23. a3 Nf6 24. b4 a6 25. Nc5 g5 26. Nf3 Bd6 27. Nxb7 Rxb7 28. Rxc6 Ne4 29. Rxa6 f4 30. exf4 gxf4 31. Nh4 fxg3 32. fxg3 Rf7 33. Rcc6 Bf8 34. Rg6+ Kh7 35. b5 Nd2 36. Rgf6 Rxf6 37. Rxf6 Bxa3 38. Ra6 Nc4 39. b6 Rb8 40. Ra7+ Kg8 41. b7 Kf7 42. Nf5 Bf8 43. Kf2 Nd6 44. Nxd6+ Bxd6 45. Ra5 Ke6 46. Rb5 Rd8 47. Kf3 Bb8 48. Kg4 Rd6 49. h4 Rd8 50. Rb6+ Kd7 51. Rxh6 Rg8+ 52. Kf5 Bxg3 53. Rg6 Rxg6 54. Kxg6 Kc7 55. b8Q+ Kxb8 56. Kf5 Kc7 57. h5 Kd6 58. h6 Bf2 59. Kf4 Bxd4 60. Kf3 Ke6 61. Kf4 Bh8 62. Ke3 Kf5 63. Kf3 Kg6 64. Kf4 Kxh6 65. Kf5 Bc3 0-1

[Event "POL-chT 2nd League"]
[Site "Sypniewo"]
[Date "2021.09.05"]
[Round "2.12"]
[White "Rudnik, Anna"]
[Black "Szmacinska, Grazyna"]
[Result "0-1"]
[WhiteElo "1869"]
[BlackElo "2056"]
[PlyCount "114"]
[EventDate "2021.09.04"]
[EventType "team-swiss"]
[EventRounds "9"]
[EventCountry "POL"]
[SourceTitle "CBM 204 Extra"]
[Source "ChessBase"]
[SourceDate "2021.11.30"]
[SourceVersion "1"]
[SourceVersionDate "2021.11.30"]
[SourceQuality "1"]
[WhiteTeam "Warszawa Zugzwang"]
[BlackTeam "Lodz Okucia Budowlane"]
[WhiteTeamCountry "POL"]
[BlackTeamCountry "POL"]

1. e4 Nc6 2. Nf3 d6 3. d4 Nf6 4. Bd3 e5 5. c3 Be7 6. h3 0-0 7. 0-0 exd4 8. cxd4 Nb4 9. Nc3 Nxd3 10. Qxd3 c6 11. Ne2 d5 12. e5 Ne4 13. Ng3 Nxg3 14. fxg3 b6 15. Rd1 Be6 16. Be3 Qd7 17. Rac1 Rac8 18. g4 c5 19. Bg5 c4 20. Qd2 b5 21. Bxe7 Qxe7 22. Rf1 b4 23. Nh2 a5 24. Rf3 Rc6 25. Nf1 Rfc8 26. Ng3 g6 27. Qh6 Qf8 28. Qg5 Qg7 29. Ne2 R6c7 30. Rf6 Rc6 31. Rf3 Rf8 32. Rcf1 Ra6 33. Qe7 Raa8 34. Nf4 Rfe8 35. Qd6 Qf8 36. Nxd5 Qxd6 37. Nf6+ Kh8 38. exd6 Red8 39. d5 Bd7 40. Nxd7 Rxd7 41. Rxf7 Rxd6 42. Rc7 Rxd5 43. Rff7 Rd2 44. Rxh7+ Kg8 45. Rhg7+ Kh8 46. Rxg6 Re8 47. Ra6 Rxb2 48. Rxa5 c3 49. Kh2 Kg8 50. h4 Rf2 51. Kg3 Ree2 52. Ra8+ Rf8 53. Rxf8+ Kxf8 54. Rc4 c2 55. Kf3 Rd2 56. Rc7 Rd3+ 57. Ke2 Rc3 0-1

[Event "POL-chT 2nd League"]
[Site "Sypniewo"]
[Date "2021.09.04"]
[Round "1.5"]
[White "Szmacinska, Grazyna"]
[Black "Czaplewska, Klara"]
[Result "1/2-1/2"]
[WhiteElo "2056"]
[BlackElo "1863"]
[PlyCount "138"]
[EventDate "2021.09.04"]
[EventType "team-swiss"]
[EventRounds "9"]
[EventCountry "POL"]
[SourceTitle "CBM 204 Extra"]
[Source "ChessBase"]
[SourceDate "2021.11.30"]
[SourceVersion "1"]
[SourceVersionDate "2021.11.30"]
[SourceQuality "1"]
[WhiteTeam "Lodz Okucia Budowlane"]
[BlackTeam "Zarow Goniec"]
[WhiteTeamCountry "POL"]
[BlackTeamCountry "POL"]

1. d4 d5 2. Nf3 Nf6 3. e3 e6 4. Bd3 Be7 5. 0-0 0-0 6. b3 c5 7. Bb2 Nc6 8. a3 b6 9. Ne5 Qc7 10. f4 a5 11. Qe2 Ne4 12. c4 f5 13. Nc3 cxd4 14. Nb5 Qb7 15. Nxc6 Qxc6 16. exd4 Ba6 17. Rfc1 Bxb5 18. cxb5 Qd6 19. g3 Rac8 20. Rc2 Rxc2 21. Qxc2 h5 22. Kg2 Qd7 23. Qc6 Qxc6 24. bxc6 Rc8 25. Bb5 Nd6 26. a4 Ne4 27. Rd1 Bb4 28. Rd3 Kf7 29. Kf3 Ke7 30. Bc1 Kd6 31. Be3 Nf6 32. h3 Ng8 33. g4 hxg4+ 34. hxg4 g6 35. Rd1 Ne7 36. Bf2 Nxc6 37. Bh4 Na7 38. Bd3 Rc3 39. gxf5 gxf5 40. Ke2 Nc6 41. Bf6 Rxb3 42. Rh1 Bc3 43. Be5+ Ke7 44. Rh7+ Kf8 45. Rh8+ Kf7 46. Rh7+ Kg6 47. Rg7+ Kh6 48. Rf7 Nxd4+ 49. Bxd4 Bxd4 50. Re7 Kh5 51. Rxe6 Kg4 52. Rd6 Kxf4 53. Rxd5 Rb2+ 54. Kf1 Rf2+ 55. Ke1 Ke3 56. Bxf5 Ra2 57. Rb5 Rxa4 58. Kd1 Rc4 59. Rb3+ Kf4 60. Bd3 Rc7 61. Bb5 Ke5 62. Kd2 Kd5 63. Kd3 Kc5 64. Ba4 Bf2 65. Rb2 Bg1 66. Rc2+ Kd6 67. Rxc7 Kxc7 68. Kc4 Kd6 69. Kb5 Bf2 1/2-1/2

[Event "POL-chT 2nd League"]
[Site "Poronin"]
[Date "2020.09.13"]
[Round "9.10"]
[White "Szelag, Zuzanna"]
[Black "Szmacinska, Grazyna"]
[Result "0-1"]
[WhiteElo "1841"]
[BlackElo "2051"]
[PlyCount "164"]
[EventDate "2020.09.05"]
[EventType "team-swiss"]
[EventRounds "9"]
[EventCountry "POL"]
[SourceTitle "CBM 198 Extra"]
[Source "ChessBase"]
[SourceDate "2020.11.30"]
[SourceVersion "1"]
[SourceVersionDate "2020.11.30"]
[SourceQuality "1"]
[WhiteTeam "Chrobry Gniezno"]
[BlackTeam "Lodz Okucia Budowlane"]
[WhiteTeamCountry "POL"]
[BlackTeamCountry "POL"]

1. e4 g6 2. d4 Bg7 3. Nc3 c6 4. g3 d6 5. Bg2 Nd7 6. Nge2 e5 7. Be3 Ngf6 8. h3 0-0 9. 0-0 Qc7 10. a4 Re8 11. Re1 Nf8 12. Qd2 Be6 13. Bh6 Bxh6 14. Qxh6 Kh8 15. Qe3 Kg7 16. Rad1 a6 17. f4 exf4 18. Nxf4 Rad8 19. Qf3 Ng8 20. Rf1 f6 21. b3 Bf7 22. Rd2 Ne6 23. Nxe6+ Bxe6 24. Ne2 d5 25. exd5 Bxd5 26. Qf2 Bxg2 27. Kxg2 f5 28. Nf4 Nf6 29. Re2 Qd6 30. Rxe8 Rxe8 31. Re1 Rxe1 32. Qxe1 Ne4 33. Qe3 b5 34. axb5 axb5 35. Nd3 Kf6 36. Nf2 Ng5 37. h4 Qd5+ 38. Kf1 Ne6 39. Qh6 Qf3 40. Qxh7 Qxg3 41. Qh8+ Kf7 42. h5 gxh5 43. Qxh5+ Qg6 44. Qxg6+ Kxg6 45. c3 b4 46. cxb4 Nxd4 47. Nd3 Kg5 48. Kf2 f4 49. Nc5 Kg4 50. Nd3 Kf5 51. Nc5 Ne6 52. Nd7 Ke4 53. Nb8 Nd4 54. Nd7 Nxb3 55. Nf6+ Kf5 56. Ne8 Nd4 57. Nd6+ Ke5 58. Nf7+ Kd5 59. Nd8 Ne6 60. Nf7 Nd4 61. Nd8 Kd6 62. Nf7+ Kc7 63. Ne5 Kb6 64. Nc4+ Kb7 65. Ne5 Kc7 66. Nf7 Kd7 67. Ne5+ Ke6 68. Nc4 Kf5 69. Nd6+ Kg4 70. Nf7 f3 71. Ne5+ Kf4 72. Ng6+ Kf5 73. Ne7+ Ke4 74. Nc8 Nf5 75. Na7 Ne3 76. Kg3 Ng4 77. Nxc6 f2 78. Kg2 Ke3 79. b5 Nh2 80. Kxh2 f1Q 81. b6 Qf4+ 82. Kg1 Qg3+ 0-1

[Event "POL-chT 2nd League"]
[Site "Poronin"]
[Date "2020.09.09"]
[Round "5.11"]
[White "Poznanska, Katarzyna"]
[Black "Szmacinska, Grazyna"]
[Result "0-1"]
[WhiteElo "2057"]
[BlackElo "2051"]
[PlyCount "122"]
[EventDate "2020.09.05"]
[EventType "team-swiss"]
[EventRounds "9"]
[EventCountry "POL"]
[SourceTitle "CBM 198 Extra"]
[Source "ChessBase"]
[SourceDate "2020.11.30"]
[SourceVersion "1"]
[SourceVersionDate "2020.11.30"]
[SourceQuality "1"]
[WhiteTeam "Strzelce Opolskie Strzelec"]
[BlackTeam "Lodz Okucia Budowlane"]
[WhiteTeamCountry "POL"]
[BlackTeamCountry "POL"]

1. e4 e5 2. Nf3 Nc6 3. Bb5 a6 4. Ba4 Nf6 5. Qe2 b5 6. Bb3 Be7 7. 0-0 0-0 8. c3 d6 9. d3 Na5 10. Bc2 c5 11. Nbd2 Rb8 12. Rd1 Qc7 13. Nf1 b4 14. Bg5 Nc6 15. Ne3 h6 16. Bxf6 Bxf6 17. Nd5 Qd8 18. Nd2 g6 19. Ba4 Bd7 20. Bxc6 Bxc6 21. Nc4 Bxd5 22. exd5 a5 23. a4 Re8 24. Qf3 Bg7 25. Re1 f5 26. h3 Rb7 27. Qg3 Kh7 28. d4 cxd4 29. cxd4 Rbe7 30. dxe5 Bxe5 31. Nxe5 Rxe5 32. Rxe5 Rxe5 33. Qd3 Qe7 34. Kf1 Qc7 35. Rd1 Kg7 36. Kg1 Re4 37. Qb5 Kf7 38. Qd3 Qc4 39. Qd2 Qe2 40. Qxe2 Rxe2 41. b3 Rb2 42. Rd3 Rb1+ 43. Kh2 Rc1 44. Re3 Rc3 45. Re6 Rxb3 46. Rxd6 Ra3 47. Rb6 Rxa4 48. Kg3 g5 49. h4 Ra3+ 50. f3 gxh4+ 51. Kf4 Ke7 52. Kxf5 Ra2 53. d6+ Kd7 54. Ke5 Rxg2 55. Rb7+ Kc6 56. Rc7+ Kb5 57. Rh7 a4 58. Rxh6 a3 59. d7 Rg8 60. Kd4 a2 61. Rh5+ Kb6 0-1

[Event "Wroclaw Anderssen Memorial (Women) 22nd"]
[Site "Wroclaw"]
[Date "2013.06.30"]
[Round "2"]
[White "Szmacinska, Grazyna"]
[Black "Dmochowska, Agnieszka"]
[Result "0-1"]
[WhiteElo "2128"]
[BlackElo "1819"]
[PlyCount "74"]
[EventDate "2013.06.30"]
[EventType "k.o. (rapid)"]
[EventRounds "3"]
[EventCountry "POL"]
[SourceTitle "CBM 155 Extra"]
[Source "ChessBase"]
[SourceDate "2013.08.26"]
[SourceVersion "1"]
[SourceVersionDate "2013.08.26"]
[SourceQuality "1"]

1. d4 Nf6 2. c4 e6 3. Nc3 Bb4 4. e3 c5 5. Nge2 0-0 6. a3 Bxc3+ 7. Nxc3 b6 8. Bd3 d5 9. cxd5 exd5 10. 0-0 Nc6 11. dxc5 bxc5 12. b3 Rb8 13. Rb1 Be6 14. Bc2 a6 15. Na4 Qd6 16. h3 d4 17. Bb2 Rfd8 18. exd4 cxd4 19. b4 a5 20. Nc5 axb4 21. Nxe6 fxe6 22. axb4 Rxb4 23. Qd3 Rbb8 24. Ba3 Qd7 25. Bb3 Nd5 26. Qc4 Na5 27. Qd3 Nxb3 28. Rxb3 Rxb3 29. Qxb3 Rc8 30. Qd3 e5 31. Rb1 g6 32. Bc1 Kg7 33. Qd2 Nc3 34. Qh6+ Kg8 35. Ra1 Ne2+ 36. Kh1 Nxc1 37. Qxc1 Rxc1+ 0-1

[Event "Wroclaw Anderssen Memorial fin 21st"]
[Site "Wroclaw"]
[Date "2012.07.01"]
[Round "3.1"]
[White "Spicak, Krzysztof"]
[Black "Szmacinska, Grazyna"]
[Result "1-0"]
[WhiteElo "1990"]
[BlackElo "2151"]
[PlyCount "79"]
[EventDate "2012.07.01"]
[EventType "k.o. (rapid)"]
[EventRounds "3"]
[EventCountry "POL"]
[SourceTitle "CBM 149 Extra"]
[Source "ChessBase"]
[SourceDate "2012.08.24"]
[SourceVersion "1"]
[SourceVersionDate "2012.08.24"]
[SourceQuality "1"]

1. d4 d6 2. c4 Nf6 3. Nc3 g6 4. e4 Bg7 5. f4 0-0 6. Be2 c5 7. d5 e6 8. Nf3 exd5 9. cxd5 Re8 10. Nd2 a6 11. a4 Ng4 12. Bxg4 Qh4+ 13. g3 Qxg4 14. Qxg4 Bxg4 15. 0-0 Bd4+ 16. Kg2 Nd7 17. h3 Bxc3 18. bxc3 Be2 19. Re1 Bd3 20. Re3 c4 21. Ba3 f5 22. Rae1 fxe4 23. Nxe4 Bxe4+ 24. Rxe4 Kf7 25. Bxd6 Nf6 26. Re7+ Kg8 27. Rxe8+ Rxe8 28. Rxe8+ Nxe8 29. Be5 Kf7 30. Kf3 Ke7 31. Ke4 Nd6+ 32. Bxd6+ Kxd6 33. Kd4 b5 34. axb5 axb5 35. g4 h5 36. f5 gxf5 37. gxf5 b4 38. cxb4 c3 39. Kxc3 Kxd5 40. b5 1-0

[Event "Wroclaw Anderssen Memorial op 20th"]
[Site "Wroclaw"]
[Date "2011.07.11"]
[Round "2"]
[White "Szmacinska, Grazyna"]
[Black "Koziak, Vitali"]
[Result "0-1"]
[WhiteElo "2181"]
[BlackElo "2484"]
[PlyCount "82"]
[EventDate "2011.07.11"]
[EventType "swiss (rapid)"]
[EventRounds "9"]
[EventCountry "POL"]
[SourceTitle "CBM 143 Extra"]
[Source "ChessBase"]
[SourceDate "2011.08.29"]
[SourceVersion "1"]
[SourceVersionDate "2011.08.29"]
[SourceQuality "1"]

1. d4 f5 2. Nf3 Nf6 3. g3 g6 4. Bg2 Bg7 5. 0-0 0-0 6. b3 c5 7. Bb2 Ne4 8. e3 Nc6 9. Qc1 d5 10. dxc5 e5 11. c3 Nxc5 12. Qd2 Be6 13. Na3 Qe7 14. Rad1 Rfd8 15. Nc2 Bf7 16. Qc1 e4 17. Nfd4 Nd3 18. Qb1 Nce5 19. Ne1 Nxb2 20. Qxb2 Rac8 21. h4 a6 22. a4 Rc5 23. f4 Ng4 24. Qd2 Rdc8 25. Rc1 Qc7 26. Bh3 Rxc3 27. Qxc3 Qxc3 28. Rxc3 Rxc3 29. Bxg4 Bxd4 30. exd4 fxg4 31. Ng2 Rxb3 32. Rc1 Rb4 33. Ne3 Be6 34. Rc7 Rxd4 35. Rxb7 Rd3 36. Kf2 d4 37. Nf1 e3+ 38. Ke2 Bc4 39. Rb4 Rd2+ 40. Ke1 Rd1+ 41. Kxd1 e2+ 0-1

[Event "Warsaw Legion op"]
[Site "Warsaw"]
[Date "1991.??.??"]
[Round "1"]
[White "Kveinys, Aloyzas"]
[Black "Szmacinska, Grazyna"]
[Result "1/2-1/2"]
[WhiteElo "2435"]
[BlackElo "2245"]
[PlyCount "85"]
[EventDate "1991.??.??"]
[EventType "swiss"]
[EventRounds "11"]
[EventCountry "POL"]
[SourceTitle "EXT 1997"]
[Source "ChessBase"]
[SourceDate "1996.11.15"]
[SourceVersion "1"]
[SourceVersionDate "1996.11.15"]
[SourceQuality "1"]

1. e4 e5 2. Nf3 Nc6 3. Bb5 a6 4. Ba4 Nf6 5. 0-0 Be7 6. Re1 b5 7. Bb3 0-0 8. a4 Bb7 9. d3 d6 10. Nc3 b4 11. Ne2 Na5 12. Ba2 c5 13. Ng3 Bc8 14. c3 Rb8 15. d4 Bg4 16. cxb4 Rxb4 17. dxe5 Bxf3 18. Qxf3 dxe5 19. Nf5 Nc6 20. Qg3 g6 21. Bh6 Nh5 22. Nxe7+ Qxe7 23. Bxf8 Kxf8 24. Qc3 Nd4 25. Bc4 Kg7 26. g3 Qb7 27. Bd5 Qc8 28. Re3 Nf6 29. Rc1 Qh3 30. f3 Qh6 31. Rd1 Nxd5 32. exd5 Rxb2 33. Qxb2 Qxe3+ 34. Qf2 Qb3 35. Rc1 Qxd5 36. Rc3 Ne6 37. Qe3 Kf6 38. h4 Qd1+ 39. Kg2 Qxa4 40. Rd3 Qc2+ 41. Kh3 Qb1 42. Kg2 Qc2+ 43. Kh3 1/2-1/2

[Event "POL-chT 46th prel"]
[Site "Bydgoszcz"]
[Date "1990.09.17"]
[Round "2"]
[White "Gasik, Jadwiga"]
[Black "Szmacinska, Grazyna"]
[Result "0-1"]
[WhiteElo "2045"]
[BlackElo "2235"]
[PlyCount "72"]
[EventDate "1990.09.16"]
[EventType "team-swiss"]
[EventRounds "6"]
[EventCountry "POL"]
[SourceTitle "EXT 2019"]
[Source "ChessBase"]
[SourceDate "2018.10.10"]
[SourceVersion "1"]
[SourceVersionDate "2018.10.10"]
[SourceQuality "1"]
[WhiteTeam "Warszawa Polonia"]
[BlackTeam "Lodz Anilana"]
[WhiteTeamCountry "POL"]
[BlackTeamCountry "POL"]

1. e4 e5 2. Nc3 Nf6 3. g3 d5 4. exd5 Nxd5 5. Bg2 Nxc3 6. bxc3 Bd6 7. Ne2 0-0 8. 0-0 c6 9. d3 Be6 10. c4 Qd7 11. Re1 Na6 12. Nc3 Rad8 13. Rb1 f6 14. Bd2 Bb4 15. Ne4 Bxd2 16. Nxd2 Rf7 17. Qe2 Bg4 18. f3 Bf5 19. Nb3 b6 20. Qf2 Qd6 21. a4 Rc7 22. a5 b5 23. c5 Qd7 24. f4 exf4 25. Qxf4 Be6 26. Nd2 Nxc5 27. Nf3 Bf7 28. Kh1 Qd6 29. Qg4 Bd5 30. Re3 Re7 31. Rxe7 Qxe7 32. Rf1 Qe2 33. c4 bxc4 34. dxc4 Be4 35. h4 f5 36. Qf4 Ne6 0-1

[Event "POL-ch (Women)"]
[Site "Poznan"]
[Date "1989.??.??"]
[Round "14"]
[White "Rzeczycka, Bozena"]
[Black "Szmacinska, Grazyna"]
[Result "0-1"]
[WhiteElo "2090"]
[BlackElo "2215"]
[PlyCount "62"]
[EventDate "1989.??.??"]
[EventType "tourn"]
[EventRounds "15"]
[EventCountry "POL"]
[SourceTitle "EXT 1997"]
[Source "ChessBase"]
[SourceDate "1996.11.15"]
[SourceVersion "1"]
[SourceVersionDate "1996.11.15"]
[SourceQuality "1"]

1. e4 e5 2. Nf3 Nc6 3. Bb5 a6 4. Ba4 Nf6 5. 0-0 Be7 6. Bxc6 dxc6 7. d3 Nd7 8. Nbd2 f6 9. Nc4 0-0 10. Ne3 Nc5 11. Nh4 g6 12. Nf3 Be6 13. h3 b6 14. Ng4 Bxg4 15. hxg4 Qd7 16. Bh6 Rf7 17. g5 Rd8 18. gxf6 Bxf6 19. Ng5 Bxg5 20. Bxg5 Re8 21. Qe2 Ne6 22. Be3 Nf4 23. Bxf4 exf4 24. c3 f3 25. gxf3 Qh3 26. f4 Rxf4 27. f3 Re5 28. Kf2 Qh4+ 29. Ke3 Qh6 30. Kf2 Rh4 31. Ke1 Rh2 0-1

[Event "POL-ch (Women)"]
[Site "Poznan"]
[Date "1989.??.??"]
[Round "13"]
[White "Szmacinska, Grazyna"]
[Black "Klusek, Danuta"]
[Result "0-1"]
[WhiteElo "2215"]
[BlackElo "2145"]
[PlyCount "80"]
[EventDate "1989.??.??"]
[EventType "tourn"]
[EventRounds "15"]
[EventCountry "POL"]
[SourceTitle "EXT 1997"]
[Source "ChessBase"]
[SourceDate "1996.11.15"]
[SourceVersion "1"]
[SourceVersionDate "1996.11.15"]
[SourceQuality "1"]

1. d4 Nf6 2. c4 e6 3. Nc3 d5 4. Bg5 Be7 5. e3 0-0 6. Nf3 h6 7. Bf4 c5 8. Be2 Nc6 9. 0-0 cxd4 10. exd4 dxc4 11. Bxc4 Nb4 12. Qe2 b6 13. Rad1 Bb7 14. Ne5 Nbd5 15. Bd2 Rc8 16. f4 Qc7 17. Bd3 Nb4 18. Nb5 Qb8 19. Bb1 a6 20. Nc3 Qd6 21. Be1 Rcd8 22. Kh1 b5 23. Bh4 Nbd5 24. Qd3 Nb4 25. Qh3 Nbd5 26. Rfe1 Nxf4 27. Qg3 Nxg2 28. Bxf6 Bxf6 29. Be4 Nxe1 30. Bxb7 Qc7 31. Be4 Bxe5 32. dxe5 Rxd1 33. Nxd1 Nc2 34. Nf2 Nd4 35. Ng4 Qc1+ 36. Kg2 Qd2+ 37. Kh3 Qg5 38. Qf2 Nf5 39. Bxf5 Qxf5 40. Qe3 h5 0-1

[Event "POL-ch (Women)"]
[Site "Poznan"]
[Date "1989.??.??"]
[Round "11"]
[White "Szmacinska, Grazyna"]
[Black "Pilarska, Czeslawa"]
[Result "1-0"]
[WhiteElo "2215"]
[BlackElo "2040"]
[PlyCount "79"]
[EventDate "1989.??.??"]
[EventType "tourn"]
[EventRounds "15"]
[EventCountry "POL"]
[SourceTitle "EXT 1997"]
[Source "ChessBase"]
[SourceDate "1996.11.15"]
[SourceVersion "1"]
[SourceVersionDate "1996.11.15"]
[SourceQuality "1"]

1. Nf3 Nf6 2. g3 e6 3. Bg2 d5 4. 0-0 Be7 5. b3 0-0 6. c4 c5 7. Bb2 Nc6 8. d3 a6 9. e3 Rb8 10. Qe2 b6 11. Rd1 Qc7 12. Nc3 dxc4 13. bxc4 Bb7 14. Rab1 Rfd8 15. Ba1 Ba8 16. a3 Nd7 17. Ne4 Nce5 18. Nxe5 Nxe5 19. f4 Nd7 20. Qg4 Bf8 21. Nf6+ Nxf6 22. Bxf6 Bxg2 23. Bxd8 Qc6 24. e4 f5 25. Qh5 g6 26. Qh4 Bf3 27. Rd2 Qd7 28. Bf6 fxe4 29. Re1 Bg7 30. Qg5 Bxf6 31. Qxf6 Rf8 32. Qe5 Rd8 33. Rb1 Qd6 34. Qxd6 Rxd6 35. Kf2 b5 36. Ke3 b4 37. axb4 cxb4 38. Rxb4 Kf7 39. c5 Rxd3+ 40. Rxd3 1-0

[Event "Olympiad Women-28"]
[Site "Thessaloniki"]
[Date "1988.11.26"]
[Round "12"]
[White "Arribas Robaina, Maritza"]
[Black "Szmacinska, Grazyna"]
[Result "1-0"]
[WhiteElo "2105"]
[BlackElo "2280"]
[PlyCount "95"]
[EventDate "1988.11.13"]
[EventType "team-swiss"]
[EventRounds "14"]
[EventCountry "GRE"]
[SourceTitle "EXT 2019"]
[Source "ChessBase"]
[SourceDate "2018.10.10"]
[SourceVersion "1"]
[SourceVersionDate "2018.10.10"]
[SourceQuality "1"]
[WhiteTeam "Cuba (W)"]
[BlackTeam "Poland (W)"]
[WhiteTeamCountry "CUB"]
[BlackTeamCountry "POL"]

1. e4 d6 2. d4 Nf6 3. Nc3 g6 4. Nf3 Bg7 5. Bf4 0-0 6. Qd2 c6 7. Be2 b5 8. a3 a6 9. Rd1 Bg4 10. 0-0 d5 11. e5 Nfd7 12. h3 Bxf3 13. Bxf3 e6 14. Rfe1 c5 15. dxc5 Nxc5 16. Nxd5 exd5 17. Bxd5 Ra7 18. Bxf7+ Kxf7 19. Qxd8 Rxd8 20. Rxd8 Nbd7 21. Rd1 Nf8 22. Be3 Rc7 23. f4 Nce6 24. R8d2 h5 25. g3 Bh6 26. h4 Ke7 27. c3 Nd7 28. Kf2 Bf8 29. Rd6 a5 30. Kf3 a4 31. Ra6 Kf7 32. Ra7 Ke8 33. Rxc7 Nxc7 34. g4 Be7 35. gxh5 gxh5 36. Ke4 Bxh4 37. Rh1 Be7 38. Rxh5 Bc5 39. Rh8+ Bf8 40. f5 Ke7 41. Bg5+ Kf7 42. Rh7+ Ke8 43. f6 Nc5+ 44. Kf5 Kd8 45. Be3 Nd5 46. Bxc5 Bxc5 47. e6 Nb6 48. Rh8+ 1-0

[Event "Olympiad Women-28"]
[Site "Thessaloniki"]
[Date "1988.11.22"]
[Round "9"]
[White "Madl, Ildiko"]
[Black "Szmacinska, Grazyna"]
[Result "1/2-1/2"]
[WhiteElo "2345"]
[BlackElo "2280"]
[PlyCount "109"]
[EventDate "1988.11.13"]
[EventType "team-swiss"]
[EventRounds "14"]
[EventCountry "GRE"]
[SourceTitle "EXT 2019"]
[Source "ChessBase"]
[SourceDate "2018.10.10"]
[SourceVersion "1"]
[SourceVersionDate "2018.10.10"]
[SourceQuality "1"]
[WhiteTeam "Hungary (W)"]
[BlackTeam "Poland (W)"]
[WhiteTeamCountry "HUN"]
[BlackTeamCountry "POL"]

1. e4 e5 2. Nf3 Nc6 3. Bb5 a6 4. Ba4 Nf6 5. 0-0 Be7 6. Re1 b5 7. Bb3 0-0 8. h3 d6 9. c3 Nd7 10. d4 Nb6 11. Nbd2 exd4 12. cxd4 d5 13. exd5 Nxd5 14. Ne4 Bf5 15. Nc5 Bg6 16. Bd2 Bxc5 17. dxc5 Nf6 18. Bf4 Rc8 19. Qxd8 Rfxd8 20. Rad1 Rxd1 21. Rxd1 Kf8 22. Nh4 Na5 23. Nxg6+ hxg6 24. Bc2 Nb7 25. c6 Na5 26. Rc1 Nd5 27. Bg3 Nxc6 28. Bxg6 Nce7 29. Be4 c6 30. Bd6 Ke8 31. g3 Kd7 32. Bc5 a5 33. f4 f5 34. Bd3 g6 35. Kg2 Re8 36. Rd1 Nc8 37. Kf3 Nd6 38. Bd4 Re7 39. Be5 Rh7 40. Bf1 Ke6 41. Rc1 Kd7 42. g4 Ne4 43. Bg2 c5 44. a4 bxa4 45. Ke2 Kc6 46. Bxe4 fxe4 47. Rh1 Kd7 48. h4 Ke6 49. Bb8 Rb7 50. Be5 Rf7 51. h5 gxh5 52. Rxh5 Nxf4+ 53. Bxf4 Rxf4 54. Rxc5 Rxg4 55. Rxa5 1/2-1/2

[Event "Olympiad Women-28"]
[Site "Thessaloniki"]
[Date "1988.11.13"]
[Round "1"]
[White "Szmacinska, Grazyna"]
[Black "Delaney, Ann Teresa"]
[Result "1-0"]
[WhiteElo "2280"]
[BlackElo "2110"]
[PlyCount "47"]
[EventDate "1988.11.13"]
[EventType "team-swiss"]
[EventRounds "14"]
[EventCountry "GRE"]
[SourceTitle "EXT 2019"]
[Source "ChessBase"]
[SourceDate "2018.10.10"]
[SourceVersion "1"]
[SourceVersionDate "2018.10.10"]
[SourceQuality "1"]
[WhiteTeam "Poland (W)"]
[BlackTeam "Ireland (W)"]
[WhiteTeamCountry "POL"]
[BlackTeamCountry "IRL"]

1. Nf3 e6 2. b3 d5 3. Bb2 Nf6 4. e3 Be7 5. d4 b6 6. Bd3 Bb7 7. 0-0 0-0 8. Ne5 Nbd7 9. f4 c5 10. Nd2 Rc8 11. Qe2 Qc7 12. Nxd7 Qxd7 13. dxc5 Rxc5 14. Rad1 Rfc8 15. f5 Qd8 16. fxe6 fxe6 17. Bxf6 Bxf6 18. Qh5 h6 19. Qg6 R5c7 20. Rxf6 Qxf6 21. Qh7+ Kf8 22. Rf1 Qxf1+ 23. Nxf1 Rf7 24. Bg6 1-0

[Event "Match/Nation POL-YUG (Women)"]
[Site "Zakopane"]
[Date "1988.10.??"]
[Round "1.4"]
[White "Bojkovic, Natasa"]
[Black "Szmacinska, Grazyna"]
[Result "1-0"]
[WhiteElo "2220"]
[BlackElo "2250"]
[PlyCount "114"]
[EventDate "1988.10.??"]
[EventType "team-match"]
[EventRounds "1"]
[EventCountry "POL"]
[SourceTitle "EXT 2021"]
[Source "ChessBase"]
[SourceDate "2020.10.23"]
[SourceVersion "1"]
[SourceVersionDate "2020.10.23"]
[SourceQuality "1"]

1. e4 e5 2. Nf3 Nc6 3. Bc4 Be7 4. d4 d6 5. h3 Nf6 6. Nc3 0-0 7. dxe5 dxe5 8. 0-0 Qxd1 9. Rxd1 a6 10. a3 Bd6 11. Bg5 Nd7 12. Bd5 Nc5 13. Be3 Ne6 14. Ne2 Ne7 15. Ba2 Ng6 16. Ng3 Re8 17. Nf5 Bf8 18. g3 h6 19. h4 Nc5 20. h5 Nh8 21. Bxc5 Bxc5 22. Rd5 Bxf5 23. exf5 Bd6 24. Nd2 Rad8 25. Ne4 b6 26. Rad1 Be7 27. R1d3 Rxd5 28. Rxd5 Kf8 29. Rxe5 f6 30. Re6 Nf7 31. Rc6 Bd8 32. Be6 Ne5 33. Rc3 c5 34. Re3 Re7 35. Nc3 b5 36. f4 Nc6 37. Nd5 Ra7 38. Kg2 Ne7 39. Nc3 Bc7 40. Rd3 Ke8 41. Ne4 c4 42. Rd7 Bb6 43. Rd6 Bc7 44. Rd1 Kf8 45. Kf3 Nc6 46. g4 Bb6 47. c3 Rc7 48. Rd6 Ke8 49. Bd5 Ne7 50. Rxb6 Nxd5 51. Rxa6 Rd7 52. Rd6 Ke7 53. Rxd7+ Kxd7 54. Nc5+ Ke7 55. Ne6 Nb6 56. Nxg7 Na4 57. Ne6 Nxb2 1-0

[Event "Sochi (Women)"]
[Site "Sochi"]
[Date "1987.10.13"]
[Round "12"]
[White "Szmacinska, Grazyna"]
[Black "Rubzova, Tatiana"]
[Result "0-1"]
[WhiteElo "2250"]
[BlackElo "2300"]
[PlyCount "70"]
[EventDate "1987.10.02"]
[EventType "tourn"]
[EventRounds "15"]
[EventCountry "URS"]
[EventCategory "1"]
[SourceTitle "EXT 2002"]
[Source "ChessBase"]
[SourceDate "2001.11.25"]
[SourceVersion "1"]
[SourceVersionDate "2001.11.25"]
[SourceQuality "1"]

1. d4 Nf6 2. Nf3 e6 3. e3 c5 4. c4 cxd4 5. exd4 d5 6. Nc3 Be7 7. Be2 0-0 8. 0-0 dxc4 9. Bxc4 Nc6 10. a3 b6 11. d5 exd5 12. Nxd5 Nxd5 13. Qxd5 Bb7 14. Qxd8 Rfxd8 15. Bg5 Bxg5 16. Nxg5 Ne5 17. Ba2 h6 18. f4 Rd2 19. Rf2 Rxf2 20. Kxf2 Nd3+ 21. Ke3 hxg5 22. Kxd3 gxf4 23. Rc1 Bxg2 24. Rc7 Rd8+ 25. Ke2 Bd5 26. Bxd5 Rxd5 27. Rxa7 Rh5 28. b4 Rxh2+ 29. Kf3 g5 30. a4 Rb2 31. b5 Rb3+ 32. Ke4 f3 33. Rc7 f2 34. Rc1 g4 35. a5 bxa5 0-1